|
|
|
|
| LEADER |
00000nam0a2200000 4500 |
| 001 |
344657 |
| 005 |
20231102005704.0 |
| 035 |
|
|
|a (RuTPU)RU\TPU\book\376314
|
| 090 |
|
|
|a 344657
|
| 100 |
|
|
|a 20200323d2010 km y0rusy50 ca
|
| 101 |
0 |
|
|a rus
|
| 102 |
|
|
|a RU
|
| 105 |
|
|
|a a z 001zy
|
| 200 |
1 |
|
|a Историческая панорама Санкт-Петербурга и его окрестностей
|h Ч. 1
|i От основания Петербурга до Екатерининской эпохи
|f Н. Н. Русов
|g авт. предисл. Г. В. Балицкий
|
| 205 |
|
|
|a Воспроизведение издания 1911 г.
|
| 210 |
|
|
|a Санкт-Петербург
|c ФГБУ "Президентская библиотека имени Б. Н. Ельцина
|d 2010
|
| 215 |
|
|
|a 28 с.
|c ил.
|
| 320 |
|
|
|a Список фото-тинто-гравюр: с. 27-28
|
| 606 |
1 |
|
|a Санкт-Петербург, г.
|x История
|2 stltpush
|3 (RuTPU)RU\TPU\subj\67077
|9 82960
|
| 610 |
1 |
|
|a Ленинград
|
| 610 |
1 |
|
|a фотографии
|
| 610 |
1 |
|
|a фотоальбомы
|
| 610 |
1 |
|
|a гравюры
|
| 686 |
|
|
|a Т3(235.0-2СПб)
|v LBC/SL-A
|2 rubbk
|
| 700 |
|
1 |
|a Русов
|b Н. Н.
|
| 702 |
|
1 |
|a Балицкий
|b Г. В.
|4 080
|
| 801 |
|
1 |
|a RU
|b 63413507
|c 20200323
|
| 801 |
|
2 |
|a RU
|b 63413507
|c 20200601
|g RCR
|
| 942 |
|
|
|c BK
|